Which is Furthest North? - Multiple Choice - Statistics

General Stats
  • This quiz has been taken 144 times
  • The average score is 7 of 15
Answer Stats
Question Answer % Correct
? Saudi Arabia
100%
? Estonia
80%
In mainland Scandinavia Norway
80%
? Tunisia
80%
? Cuba
60%
? Germany
60%
? Scotland
60%
? Chile
40%
? Georgia
40%
? Kazakhstan
40%
? Malaysia
40%
? Dominica
20%
? Niger
20%
? Australia
0%
On the mainland Canada
0%
No matching quizzes found
Score Distribution
Percent of People with Each Score
Percentile by Number Answered
Your Score History
You have not taken this quiz